|
|
|
|
| LEADER |
00703cam a2200205 7i4500 |
| 001 |
0000009648 |
| 005 |
20170218090000.0 |
| 020 |
|
|
|a 9780849315862
|
| 020 |
|
|
|a 0849315867 (hbk.)
|
| 090 |
0 |
0 |
|a TA151
|b .E33 2005
|
| 245 |
0 |
4 |
|a The engineering handbook
|c editor-in-chief Richard C. Dorf.
|
| 250 |
|
|
|a 2nd ed.
|
| 260 |
|
|
|a Boca Raton:
|b CRC Press,
|c 2005.
|
| 300 |
|
|
|a 1 v. (various pagings):
|b ill.;
|c 27 cm.
|
| 490 |
0 |
|
|a The electrical engineering handbook series
|
| 504 |
|
|
|a Includes bibliographical references and index
|
| 650 |
0 |
0 |
|a Engineering
|
| 700 |
1 |
|
|a Dorf, Richard C.
|
| 997 |
|
|
|a Engineering, Faculty
|b Engineering, Department
|
| 999 |
|
|
|a 0000016655
|b BOK
|c REFERENCE
|e Ground Floor, Bestari Jaya
|